LEADER 00903nam a2200217 i 4500 001 000000045074 003 CaOOAMICUS 005 20091113000000.0 008 091113s1973 it u000 u ita u 013 $a16244 040 $aSeMil$bita 245 10$aLezioni del 3. corso di aggiornamento teologico /$c[a cura di Enrico Casati ... et al.]. 260 $aRho :$b[s.n.],$c1973. 300 $a153 p. ;$c24 cm. 650 4$aTeologia - Saggi.$0(OLS)http://semarc/subject/231 700 1 $aCasati, Enrico <1930-2011>.$0(OLS)http://semarc/name/22444 700 1 $aCorso di aggiornamento teologico <3. ; Rho>.$0(OLS)http://semarc/name/22445 850 $aSeMil 852 $aSeMil$W1$xVenegono$y1$m2B V 262$j11229$B11229$CSeMilBibl$Z2$F11229 $81 996 $6245$aLezioni del 3. corso di aggiornamento teologico$9(OLS)http://semarc/title/66899 996 $6260$aRho :$b[s.n.]$9(OLS)http://semarc/publisher/40638 LEADER 01195nam a2200265 i 4500 001 000000047473 003 CaOOAMICUS 005 20120314000000.0 008 120314s1972 it u000 u ita u 013 $a18643 040 $aSeMil$bita 100 1 $aSegalla, Giuseppe,$d<1932-2011>.$0(OLS)http://semarc/name/6026 245 10$aSan Giovanni /$cGiuseppe Segalla. 260 $aFossano (CN) :$bEditrice Esperienze,$ccopyr. 1972. 300 $a314 p. ;$c21 cm. 490 0 $aMaestri di spiritualitą 490 0 $aMaestri di spiritualitą. Mondo biblico 600 04$aGiovanni .$0(OLS)http://semarc/subject/10010 650 4$aBibbia. Nuovo Testamento. Vangelo secondo Giovanni - Commentari, studi, critica, interpretazioni.$0(OLS)http://semarc/subject/119 830 0$aMaestri di spiritualitą.$0(OLS)http://semarc/title/6247 830 0$aMaestri di spiritualitą. Mondo biblico.$0(OLS)http://semarc/title/35666 850 $aSeMil 852 $aSeMil$W1$xVenegono$y1$m2C IV 190$j13628$B13628$CSeMilBibl$Z2$F13628 $81 996 $6245$aSan Giovanni$9(OLS)http://semarc/title/71539 996 $6260$aFossano (CN) :$bEditrice Esperienze$9(OLS)http://semarc/publisher/31255